| 000 | 00482nam a22001697a 4500 | ||
|---|---|---|---|
| 005 | 20260616133711.0 | ||
| 020 | _a9788199353589 | ||
| 041 | _aEnglish | ||
| 082 | _aT16 R25 STE | ||
| 100 | _aStephen Jeyaseela S | ||
| 245 | _aThamizhagath Thottakalai Mattrum Vezhaanmaiyil Ayroppiya Kaalaniya Aathikkamum Malai Payirgal Mattrum Kaattu Thaavarangalil Thaakkamum 1620-1857 | ||
| 250 | _a01 | ||
| 260 |
_aChennai _bNCBH _c2025 |
||
| 300 | _a352 | ||
| 365 | _b290.00 | ||
| 942 | _cBK | ||
| 999 |
_c177886 _d177886 |
||